Zákon o finančnom sprostredkovaní a finančnom poradenstve - nová právna úprava

Informácia o novom Zákone o finančnom sprostredkovaní a finančnom poradenstve č. 624/2007 z 1. augusta 2007.

Enregistré dans:
Détails bibliographiques
Auteur principal: Kubrický, Peter
Format: Chapitre de livre
Langue:slovaque
Sujets:
Tags: Ajouter un tag
Pas de tags, Soyez le premier à ajouter un tag!

MARC

LEADER 00000naa$a2200000$$$4500
001 0102512
005 20231116085521.5
041 0 |a slo 
044 |a SK 
245 1 0 |a Zákon o finančnom sprostredkovaní a finančnom poradenstve - nová právna úprava  |c Peter Kubrický 
520 |a Informácia o novom Zákone o finančnom sprostredkovaní a finančnom poradenstve č. 624/2007 z 1. augusta 2007. 
610 2 0 |a poradenstvo finančné 
610 2 0 |a sprostredkovatelia 
610 2 0 |a úpravy právne 
610 2 0 |a Slovensko 
100 1 |a Kubrický, Peter